000 01978nam a2200193Ia 4500
003 OSt
005 20210826153543.0
008 210310s1992 ck ad fr 100 0 spa d
040 _aCO-JMCR
_cCO-JMCR
041 0 _aspa
082 0 4 _a332.642 /
_bE562b2
_223
111 2 _aEncuentro de Comisionistas
_n(7° :
_d1992 :
_cCartagena)
_939719
245 1 0 _aVII Encuentro de comisionistas /
_cBolsas de Valores de Bogotá, Medellín y Occidente
260 _aCartagena :
_bBolsa de Valores de Colombia,
_c1992
300 _a112 páginas :
_bilustraciones y gráficas a blanco y negro ;
_c27 cm.
505 0 _tPalabras de Introducción al VII Encuentro de Comisionistas de las Bolsas de Valores del país /
_rDoctor Hernán Beltz Peralta, Presidente de la Bolsa de Bogotá
_tIntervención en el VII Encuentro de Comisionistas. /
_rDoctor Luis Alberto Moreno, Ministro de Desarrollo Económico
_tIntervención en el VII Encuentro de Comisionistas. /
_rDoctor Rudolf Hommes, Ministro arde Hacienda y Crédito Público
_tMercado de Futuros y Opciones. /
_rDoctor Francisco Piedrahita Echeverry, Presidente de la Bolsa de Medellín
_tIntervención en el VII Encuentro de Comisionistas. /
_rDoctor Oscar Frick, Economista Senior de la Bolsa de Mercaderías y Futuros de Sao Paulo, Brasil
_tIngeniería Financiera, su relación con el Mercado Bursátil y principales oportunidades. /
_rDoctor Jaime Ricaurte Junguito, Consultor Financiero y Director de Incorbank
_tPerspectivas de Desarrollo de la Banca de Inversión. /
_rDoctor Javier Serrano Rodríguez, Decano Administración de Empresas de la Universidad de Los Andres
_tConclusiones Palabras de Finalización del VII Encuentro de Comisionistas. /
_rDoctor Julián Domínguez, Presidente de la Bolsa de Occidente
_tPalabras de Clausura del VII Encuentro de Comisionistas. /
_rDoctor Luis Fernando Lopez Roca, Superintendente de Valores
650 1 4 _aBolsa de valores
_916252
_xEnsayos, conferencias, etc.
_zColombia
942 _2ddc
_cBK
999 _c8070
_d8070